Najludniejsze państwa, które nigdy nie zagrały na Mundialu - Statystyki

Ogólne statystyki
  • Ten quiz został rozwiązany 34 razy
  • Średni wynik to 12 z 15
Statystyki odpowiedzi
Kontynent Ludność Kraj % Poprawnych
Azja 165 650 475 Bangladesz
97%
Azja 1 411 415 000 Indie
97%
Azja 242 923 845 Pakistan
97%
Afryka 113 656 596 Etiopia
88%
Azja 114 597 229 Filipiny
82%
Azja 38 346 720 Afganistan
79%
Afryka 55 864 655 Kenia
76%
Afryka 47 958 856 Sudan
76%
Azja 69 648 117 Tajlandia
76%
Azja 103 808 319 Wietnam
76%
Azja 33 871 431 Malezja
73%
Afryka 63 852 892 Tanzania
70%
Azja 57 526 449 Mjanma
64%
Afryka 46 205 893 Uganda
61%
Afryka 31 693 239 Mozambik
55%
Nie znaleziono quizów pasujących do podanych kryteriów
Rozkład punktacji
Procent ludzi z każdym wynikiem
Percentyl według liczby udzielonych odpowiedzi
Twoja historia wyników
Nie rozwiązałeś tego quizu